[Event "It"]
[Site "Frohnleiten"]
[Date "1998.04.08"]
[Round "6"]
[White "Tratar, Marko"]
[Black "Teske, Henrik"]
[Result "1/2-1/2"]
[WhiteElo "2420"]
[BlackElo "2475"]
[PlyCount "24"]
[EventDate "1998.04.03"]

1. d4 d5 2. Nf3 Nf6 3. c4 e6 4. g3 dxc4 5. Bg2 c5 6. O-O Nc6 7. Ne5 Nxe5 8.
dxe5 Nd5 9. Na3 c3 10. Nc4 Bd7 11. e4 Nb6 12. Nd6+ {} 12... Bxd6 1/2-1/2

[Event "It"]
[Site "Frohnleiten"]
[Date "1998.04.09"]
[Round "7"]
[White "Teske, Henrik"]
[Black "Singer, Richard"]
[Result "1-0"]
[WhiteElo "2475"]
[BlackElo "2170"]
[PlyCount "57"]
[EventDate "1998.04.03"]

1. Nf3 Nf6 2. d4 d6 3. g3 g6 4. Bg2 Bg7 5. b3 O-O 6. Bb2 a5 7. c4 Bf5 8. Nc3
Ne4 9. Nh4 Nxc3 10. Bxc3 Bc8 11. Qd2 c5 12. O-O cxd4 13. Bxd4 Bxd4 14. Qxd4 Nc6
15. Qe3 a4 16. Nf3 Ra5 17. Nd4 Re5 18. Nxc6 bxc6 19. Qd2 Qb6 20. b4 Ba6 21.
Rfc1 Rb8 22. Rab1 d5 23. b5 cxb5 24. cxd5 Rd8 25. e4 e6 26. Qf4 Qb8 27. Rc6 Bc8
28. Rbc1 28... Bd7 {} 29. Rc7 1-0

[Event "It"]
[Site "Frohnleiten"]
[Date "1998.04.09"]
[Round "7"]
[White "Detter, Peter"]
[Black "Tratar, Marko"]
[Result "0-1"]
[WhiteElo "2190"]
[BlackElo "2420"]
[PlyCount "58"]
[EventDate "1998.04.03"]

1. d4 Nf6 2. c4 g6 3. Nc3 Bg7 4. e4 d6 5. h3 O-O 6. Nf3 e5 7. dxe5 dxe5 8. Qxd8
Rxd8 9. Nd5 Rd7 10. Nxe5 Nxd5 11. Nxd7 Nb4 12. Nxb8 Nc2+ 13. Kd1 Nxa1 14. Bf4
Bxb2 15. Bxc7 a5 16. Bd3 a4 17. Ke2 a3 18. Bb1 Be6 19. c5 Nc2 20. Bxc2 Bxa2 21.
Kf3 Be6 22. Bb1 a2 23. Bxa2 Rxa2 24. Rd1 Ra3+ 25. Kf4 Bf6 26. f3 Bh4 27. Bd8 $4
(27. Ke5 $14) 27... f6 28. e5 g5+ 29. Ke4 {} 29... f5+ 0-1

[Event "It"]
[Site "Frohnleiten"]
[Date "1998.04.09"]
[Round "7"]
[White "Laschet, Ewald"]
[Black "Wegerer, Fred"]
[Result "0-1"]
[WhiteElo "2275"]
[BlackElo "2215"]
[PlyCount "166"]
[EventDate "1998.04.03"]

1. d4 d5 2. c4 e6 3. Nc3 c6 4. Nf3 Nf6 5. Bg5 h6 6. Bxf6 Qxf6 7. e3 Nd7 8. Bd3
dxc4 9. Bxc4 g6 10. O-O Bg7 11. Rc1 O-O 12. Qd3 Qe7 13. Rfd1 Rd8 14. e4 b5 15.
Bb3 Bb7 16. Qe3 a6 17. a4 b4 18. Ne2 Rac8 19. Nf4 Kh8 20. Nd3 a5 21. e5 c5 22.
Nxc5 Bxf3 23. gxf3 Nxc5 24. dxc5 Rxd1+ 25. Bxd1 Qg5+ 26. Qxg5 hxg5 27. Rc4 Bxe5
28. b3 Kg7 29. Kg2 f5 30. Be2 Kf6 31. c6 Bc7 32. Rc5 Bb6 33. Rc2 Bc7 34. h3 Rd8
35. Bc4 Rd6 36. Bb5 Ke7 37. Be2 Rd4 38. Bb5 Kd6 39. Re2 Rd1 40. Bc4 e5 41. Bf7
Rb1 42. Rc2 f4 43. Bg8 Bb6 44. Bf7 Bc7 45. Bg8 Bb6 46. Bf7 Kc7 47. Bd5 Bd4 48.
Re2 Rc1 49. Be4 Rc3 50. Rb2 Rc1 51. Rc2 Rb1 52. Bd5 Bc3 53. Kh2 Kd6 54. Bc4 $2
(54. Kg2 $11) 54... Kxc6 55. Kg2 Kc5 56. Be6 Kd4 57. Bf7 Kc5 58. Bc4 Rd1 59.
Bf7 Rd6 60. Bc4 Kd4 61. Re2 Kc5 62. Rc2 Rc6 63. Kf1 Kd4 64. Bb5 Rc7 65. Re2 Kc5
66. Re4 Bd4 67. Re2 Kd6 68. Be8 68... Rc3 {} 69. Bf7 Rxf3 70. Kg2 Rc3 71. f3
Rc1 72. Bxg6 Rg1+ 73. Kh2 Rd1 74. Bf7 Kc5 75. Bg8 Rb1 76. Bf7 Rc1 77. Bg8 Be3
78. Bf7 Kd4 79. Be8 Kc3 80. Bf7 Rb1 81. Rg2 e4 82. fxe4 f3 83. Rxg5 Bxg5 0-1

[Event "It"]
[Site "Frohnleiten"]
[Date "1998.04.09"]
[Round "7"]
[White "Kosanski, Stanko"]
[Black "Freitag, Manfred"]
[Result "1/2-1/2"]
[WhiteElo "2365"]
[BlackElo "2385"]
[PlyCount "117"]
[EventDate "1998.04.03"]

1. e4 c5 2. Nf3 d6 3. d4 cxd4 4. Nxd4 Nf6 5. Nc3 a6 6. g3 e5 7. Nde2 b5 8. Bg2
Bb7 9. O-O Nbd7 10. Nd5 Nxd5 11. exd5 Be7 12. a4 O-O 13. Be3 Qc7 14. Qd2 Rfb8
15. Rfc1 Nb6 16. axb5 axb5 17. Rxa8 Rxa8 18. b3 Bd8 19. h4 b4 20. c4 bxc3 21.
Nxc3 Qd7 22. Kh2 f5 23. Bh3 Rc8 24. Qd3 g6 25. h5 Qf7 26. Rd1 Nd7 27. Nb5 Be7
28. Na7 Rc7 29. Qb5 Nf6 30. Nc6 Nxd5 31. Rxd5 Bxc6 32. Qb8+ Qf8 33. Qxc7 Bxd5
34. b4 f4 35. gxf4 Qf6 (35... exf4 36. Bc1 36... Qf6 $17) 36. Qc2 {} 36...
gxh5 $6 (36... exf4 $17) 37. b5 Qh4 38. Qc8+ Kg7 39. Qf5 Bf3 40. Kg1 Bg4 41.
Bxg4 Qxg4+ 42. Qxg4+ hxg4 43. b6 Bd8 44. fxe5 dxe5 45. b7 Bc7 46. Ba7 h5 47.
b8=Q Bxb8 48. Bxb8 Kf6 49. Bc7 Kf5 50. Bd8 Kf4 51. Kg2 e4 52. Bc7+ Kg5 53. Bd6
h4 54. Be7+ Kh5 55. Bf8 g3 56. fxg3 hxg3 57. Kxg3 e3 58. Kf3 e2 59. Kxe2
1/2-1/2

[Event "It"]
[Site "Frohnleiten"]
[Date "1998.04.10"]
[Round "8"]
[White "Singer, Richard"]
[Black "Baumegger, Siegfried"]
[Result "1-0"]
[WhiteElo "2170"]
[BlackElo "2495"]
[PlyCount "60"]
[EventDate "1998.04.03"]

1. d4 e6 2. Nf3 f5 3. g3 Nf6 4. Bg2 d5 5. c4 c6 6. O-O Bd6 7. b3 Qe7 8. Ne5 O-O
9. Bb2 a5 10. Nd2 10... b5 $5 11. a3 Nfd7 12. Qc2 Bb7 13. Rfc1 g5 14. e3 Qg7
15. f4 Rc8 16. Qd3 bxc4 17. bxc4 Ba6 18. Qb3 a4 19. Qd1 Bxe5 20. fxe5 Nb6 21.
cxd5 cxd5 22. Rxc8+ Bxc8 23. Qh5 23... Qg6 $6 (23... Bd7 $142 {  Sc6, Tc8}) 24.
Qxg6+ hxg6 25. Rc1 Bd7 26. Bf1 Ra7 27. h3 Kg7 28. Rc5 Nc6 29. Bc3 Rb7 30. Ba6 {
} 30... Ra7 $14 {Zeit} 1-0

[Event "It"]
[Site "Frohnleiten"]
[Date "1998.04.10"]
[Round "8"]
[White "Freitag, Manfred"]
[Black "Ebner, Hubert"]
[Result "1/2-1/2"]
[WhiteElo "2385"]
[BlackElo "2300"]
[PlyCount "63"]
[EventDate "1998.04.03"]

1. d4 Nf6 2. c4 c5 3. d5 e6 4. Nc3 exd5 5. cxd5 g6 6. e4 d6 7. f4 Bg7 8. Bb5+
Nfd7 9. Nf3 O-O 10. O-O a6 11. Bd3 b5 12. Kh1 Nf6 13. Qe1 b4 14. Nd1 Bg4 15.
Qg3 Bxf3 16. Qxf3 Nbd7 17. Ne3 Re8 18. Nc4 Nb6 19. e5 dxe5 20. fxe5 Nxc4 21.
Bxc4 Rxe5 22. Bf4 Rxd5 23. Rad1 Rxd1 24. Rxd1 Qe8 25. Qb7 Rd8 26. Qxf7+ (26.
Bxf7+ 26... Kh8 $17) 26... Kh8 27. Qxe8+ Rxe8 28. g3 Ng4 29. Rd5 Bd4 30. Bxa6
Re1+ 31. Kg2 {} 31... Ne3+ 32. Bxe3 1/2-1/2

[Event "It"]
[Site "Frohnleiten"]
[Date "1998.04.10"]
[Round "8"]
[White "Wegerer, Fred"]
[Black "Kosanski, Stanko"]
[Result "0-1"]
[WhiteElo "2215"]
[BlackElo "2365"]
[PlyCount "102"]
[EventDate "1998.04.03"]

1. e4 c5 2. Nc3 Nc6 3. g3 d6 4. Bg2 g6 5. d3 Bg7 6. Be3 Nd4 7. Qd2 Qa5 8. Rc1
e6 9. h4 h5 10. Nh3 Rb8 11. O-O b5 12. a3 Qb6 13. Nd1 Ne7 14. f3 a5 15. Qe1 b4
16. axb4 axb4 17. b3 Ra8 18. Bf2 Ra2 19. Ne3 e5 20. Qd1 f6 21. Nc4 Qb8 22. Bxd4
cxd4 23. Ra1 Ra6 24. Rxa6 Bxa6 25. Qa1 Bxc4 26. dxc4 O-O 27. Nf2 Bh6 28. Nd3
Bd2 29. Qa6 Bc3 30. f4 exf4 31. gxf4 Qc7 32. f5 Bd2 33. Qb5 Be3+ 34. Kh1 d5 35.
cxd5 gxf5 36. exf5 Qg3 37. Rf3 37... Qxh4+ $6 38. Bh3 (38. Rh3 $142) 38... Nxf5
39. d6 Nxd6 40. Qd5+ Nf7 41. Kg2 Kh8 42. Rg3 Ng5 43. Bf5 Bf4 44. Nxf4 Qxf4 45.
Qd7 Ra8 46. Rxg5 Qxg5+ 47. Kh3 Qg7 48. Qxd4 Rg8 49. Qf2 Qg1 50. Qf3 Qg5 51. Be6
Re8 0-1

[Event "It"]
[Site "Frohnleiten"]
[Date "1998.04.10"]
[Round "8"]
[White "Tratar, Marko"]
[Black "Laschet, Ewald"]
[Result "1-0"]
[WhiteElo "2420"]
[BlackElo "2275"]
[PlyCount "133"]
[EventDate "1998.04.03"]

1. Nf3 Nf6 2. c4 g6 3. Nc3 Bg7 4. e4 O-O 5. d4 d6 6. Be2 c5 7. O-O cxd4 8. Nxd4
Nc6 9. Be3 Bd7 10. Qd2 a6 11. f3 Rb8 12. Nc2 Qc7 13. Rac1 Rfc8 14. Nd5 Nxd5 15.
cxd5 Ne5 16. Nd4 Qd8 17. h3 Be8 18. f4 Nd7 19. b4 Rxc1 20. Rxc1 Rc8 21. Nb3 Rc7
22. Na5 Qc8 23. Rxc7 Qxc7 24. Qc1 Qxc1+ 25. Bxc1 b5 26. Nc6 Kf8 27. Bf3 Bc3 28.
a3 Nb6 29. Nb8 a5 30. bxa5 Bxa5 31. Nc6 Bc3 32. Nb4 Nc4 33. Kf2 Bd7 34. Ke2 e5
(34... Bb2 $11) 35. dxe6 fxe6 36. Nc2 e5 37. Kd3 Ba5 38. Ne3 {} 38... Nb6 $2 (
38... Nxe3 $1 $11) 39. fxe5 $1 39... dxe5 40. Bb2 Be6 41. Bxe5 Nc4 42. Nxc4
Bxc4+ 43. Kc2 Ke7 44. Bc3 Bc7 45. Kd1 Bf7 46. Be2 Be8 47. Bb4+ Ke6 48. Kd2 Bc6
49. Ke3 Bb6+ 50. Kf4 Bc7+ 51. Kf3 Bb6 52. Bd3 Bd4 53. Bc2 Be5 54. Bb3+ Kf6 55.
Bd5 Bd7 56. Ke3 h5 57. Bc5 Kg5 58. Be7+ Kh6 59. h4 Bb2 60. Bf8+ Kh7 61. Bd6 Kg7
62. e5 Be8 63. Ke4 Bc1 64. Be7 Bb2 65. e6 Bc1 66. Bb7 Bb2 67. Kd5 1-0

[Event "It"]
[Site "Frohnleiten"]
[Date "1998.04.10"]
[Round "8"]
[White "Teske, Henrik"]
[Black "Detter, Peter"]
[Result "1-0"]
[WhiteElo "2475"]
[BlackElo "2190"]
[PlyCount "51"]
[EventDate "1998.04.03"]

1. d4 d5 2. Nf3 Nf6 3. c4 e6 4. Nc3 c5 5. cxd5 Nxd5 6. e4 Nxc3 7. bxc3 cxd4 8.
cxd4 Bb4+ 9. Bd2 Bxd2+ 10. Qxd2 O-O 11. Bc4 b6 12. O-O Ba6 13. Rac1 Bxc4 14.
Rxc4 b5 15. Rb4 a6 16. d5 Qd6 (16... exd5 $8) 17. Rc1 17... Rd8 {} 18. e5 Qb6
19. Rd4 Rf8 20. dxe6 Qxe6 21. Rd8 h6 22. h4 a5 23. Rxf8+ Kxf8 24. Nd4 Qd7 25.
Nf5 Kg8 26. Rc8+ 1-0

[Event "It"]
[Site "Frohnleiten"]
[Date "1998.04.11"]
[Round "9"]
[White "Laschet, Ewald"]
[Black "Teske, Henrik"]
[Result "0-1"]
[WhiteElo "2275"]
[BlackElo "2475"]
[PlyCount "42"]
[EventDate "1998.04.03"]

1. d4 d5 2. Nf3 Nf6 3. c4 dxc4 4. Nc3 e6 5. e3 a6 6. a4 c5 7. Bxc4 Nc6 8. O-O
cxd4 9. exd4 Be7 10. d5 exd5 11. Nxd5 Nxd5 12. Bxd5 O-O 13. Be3 Bf5 14. Qb3 Nb4
15. Nd4 Qxd5 16. Qxd5 Nxd5 17. Nxf5 Bf6 18. Bd4 Bxd4 19. Nxd4 Rfd8 20. Rfe1 g6
21. Ra3 $4 {} 21... Nb4 0-1

[Event "It"]
[Site "Frohnleiten"]
[Date "1998.04.11"]
[Round "9"]
[White "Kosanski, Stanko"]
[Black "Tratar, Marko"]
[Result "1/2-1/2"]
[WhiteElo "2365"]
[BlackElo "2420"]
[PlyCount "20"]
[EventDate "1998.04.03"]

1. e4 c5 2. Nf3 d6 3. d4 cxd4 4. Nxd4 Nf6 5. Nc3 Nc6 6. Be2 e6 7. O-O Be7 8.
Kh1 O-O 9. f4 a6 10. Be3 {} 10... Qc7 1/2-1/2

[Event "It"]
[Site "Frohnleiten"]
[Date "1998.04.11"]
[Round "9"]
[White "Baumegger, Siegfried"]
[Black "Freitag, Manfred"]
[Result "1/2-1/2"]
[WhiteElo "2495"]
[BlackElo "2385"]
[PlyCount "34"]
[EventDate "1998.04.03"]

1. e4 c5 2. Nf3 d6 3. Bb5+ Nd7 4. c3 Ngf6 5. Qe2 a6 6. Ba4 b5 7. Bc2 e5 8. O-O
Be7 9. d4 O-O 10. Nbd2 Re8 11. dxe5 Nxe5 12. Nxe5 dxe5 13. a4 Rb8 14. axb5 axb5
15. Rd1 Qc7 16. Nf1 Be6 17. b3 {} 17... Qc6 1/2-1/2